Canada, the scenic land / (Record no. 202324)
[ view plain ]
| 000 -LEADER | |
|---|---|
| fixed length control field | 01175cam3a220031300 4500 |
| 001 - CONTROL NUMBER | |
| control field | lce01440838 |
| 008 - FIXED-LENGTH DATA ELEMENTS--GENERAL INFORMATION | |
| fixed length control field | 820930s1981 bcca 000 0 eng d |
| 010 ## - LIBRARY OF CONGRESS CONTROL NUMBER | |
| LC control number | cn 82007886 |
| 015 ## - NATIONAL BIBLIOGRAPHY NUMBER | |
| National bibliography number | C82-7886-7 |
| 020 ## - INTERNATIONAL STANDARD BOOK NUMBER | |
| Terms of availability | |
| -- | 1.95 |
| 035 ## - SYSTEM CONTROL NUMBER | |
| System control number | (Sirsi) r30786 |
| 035 ## - SYSTEM CONTROL NUMBER | |
| System control number | (DLC)cn 82007886 |
| 035 ## - SYSTEM CONTROL NUMBER | |
| System control number | (UPRA)lce01440838 |
| 040 ## - CATALOGING SOURCE | |
| Original cataloging agency | CaOONL |
| Language of cataloging | eng |
| Transcribing agency | CaOONL |
| 043 ## - GEOGRAPHIC AREA CODE | |
| Geographic area code | n-cn--- |
| 055 01 - CLASSIFICATION NUMBERS ASSIGNED IN CANADA | |
| Classification number | FC59 |
| 055 00 - CLASSIFICATION NUMBERS ASSIGNED IN CANADA | |
| Classification number | FC59 |
| Item number | W75fol. |
| 082 0# - DEWEY DECIMAL CLASSIFICATION NUMBER | |
| Classification number | 917.1/04646/0222 |
| Edition number | 19 |
| 100 1# - MAIN ENTRY--PERSONAL NAME | |
| Personal name | Wright, Richard, 1940- |
| Dates associated with a name | Wright, Richard, 1940- |
| Linkage | A95159.1 |
| 245 10 - TITLE STATEMENT | |
| Title | Canada, the scenic land / |
| Statement of responsibility, etc. | Richard T. Wright and Stan Garrod. |
| 260 ## - PUBLICATION, DISTRIBUTION, ETC. | |
| Place of publication, distribution, etc. | North Vancouver, B.C. : |
| Name of publisher, distributor, etc. | Whitecap Books, |
| Date of publication, distribution, etc. | c1981. |
| 651 #0 - SUBJECT ADDED ENTRY--GEOGRAPHIC NAME | |
| Geographic name | Canada -- Pictorial works. |
| General subdivision | Canada -- Pictorial works. |
| Linkage | S5736.1 |
| 651 #0 - SUBJECT ADDED ENTRY--GEOGRAPHIC NAME | |
| Geographic name | Canada. |
| Linkage | S38157.1 |
| 651 #6 - SUBJECT ADDED ENTRY--GEOGRAPHIC NAME | |
| Geographic name | Canada -- Descriptions et voyages -- 1981- -- Vues. |
| General subdivision | Canada -- Descriptions et voyages -- 1981- -- Vues. |
| Chronological subdivision | Canada -- Descriptions et voyages -- 1981- -- Vues. |
| General subdivision | Canada -- Descriptions et voyages -- 1981- -- Vues. |
| Linkage | S68492.1 |
| 651 #6 - SUBJECT ADDED ENTRY--GEOGRAPHIC NAME | |
| Geographic name | Canada. |
| Linkage | S38157.1 |
| 700 1# - ADDED ENTRY--PERSONAL NAME | |
| Personal name | Garrod, Stan. |
| Linkage | A95160.1 |
| 949 ## - LOCAL PROCESSING INFORMATION (OCLC) | |
| a | F1016 |
| w | lcc |
| i | -34674 |
| m | MAIN |
| t | BOOK |
| l | ON-SHELF |
No items available.